| 000 | 00364nam a2200157Ia 4500 | ||
|---|---|---|---|
| 008 | 230917s9999||||xx |||||||||||||| ||und|| | ||
| 040 |
_e115605 _aMAIN |
||
| 041 | _aEnglish | ||
| 082 | _a843.7 F617M | ||
| 100 | _aFlaubert, Gustave | ||
| 245 | 0 | _aMadame Bovary | |
| 250 | _a2th ed. | ||
| 260 |
_aNew York _bW W Norton _c2005 |
||
| 300 | _a550 p. | ||
| 942 | _cBK | ||
| 999 |
_c144018 _d144018 |
||